000 01212nam a2200313 i 4500
003 DO-SdBNP
005 20251020114142.0
007 ta
008 251020b2025 dr adc|| |||| 00| 0 spa d
020 _a9789945294361
040 _aDO-SdBNP
_bspa
_cBNPHU
_erda
041 _aspa
082 4 _axxx
_bF615m
_222
100 _aFlete, Dagoberto Antonio,
_d1952-
_eautor
_4aut.
_980105
245 1 0 _aManual diccionario de informática /
_cDagoberto Antonio Flete ; prólogo, Yostin Bautista ; diagramador, Ariangel Moreta.
246 _aManual diccionario de informática :
_bInformática para principiantes.
264 _aSanto Domingo, República Dominicana :
_bImpresión, Willy Copy Center,
_c2025.
300 _a197 páginas :
_bilustraciones, fotografías, retratos ;
_c21 cm.
336 _atexto
_btxt
_2rdacontent
337 _asin mediación
_bn
_2rdamedia
338 _avolumen
_bnc
_2rdacarrier
500 _aIncluye datos biográficos del autor en la contracubierta
504 _aBibliografía: página 193
590 _aInventariado, 2025 /LP
700 1 _aBautista, Yostin,
_eprologuista
_4pr.
_988715
700 1 _aMoreta, Ariangel,
_ediagramador
_ddi.
_988716
910 _aLP
942 _2ddc
_cLBS1
999 _c59980
_d59980